| 000 | 00000nam 2200000za 4500 |
| 001 | 9.688845 |
| 003 | CaOODSP |
| 005 | 20210624231623 |
| 007 | cr ||||||||||| |
| 008 | 150407s2004 onc|||||o f|0| 0 eng d |
| 040 | |aCaOODSP|beng |
| 043 | |an-cn--- |
| 086 | 1 |aM144-50/2004E-PDF |
| 110 | 1 |aCanada.|bNatural Resources Canada. |bOffice of Energy Efficiency. |
| 245 | 10|aStand-alone wind energy systems |h[electronic resource] : |ba buyer's guide. |
| 260 | |aOttawa : |bNatural Resources Canada, |c2004. |
| 300 | |a51 p. : |bfigs., references, tables. |
| 500 | |aCatalogue number and ISBN for the print version have been incorrectly copied in the PDF edition. |
| 520 | 3 |aThis buyer’s guide to stand-alone wind energy systems will help you decide if wind energy is a viable option for you. The guide will: give you some very basic theory on how wind energy works; give you pointers to determine how much power you need; help you do a rough assessment of whether wind energy will fill those power needs; introduce you to some of the components of a wind energy system; outline how to determine if wind energy makes economic sense for your circumstances; give you some practical; examples of wind energy systems. |
| 590 | |a07-04|b2007-01-26 |
| 690 | 07|aWind energy|2gcpds |
| 775 | 08|tLes systèmes éoliens autonomes |w(CaOODSP)9.633265 |
| 776 | 0#|tStand-alone wind energy systems : |w(CaOODSP)9.649365 |
| 795 | |tStand-alone wind energy systems |w(CaOODSP)9.695429 |
| 856 | 40|ahttp://publications.gc.ca|qPDF|s1525 KB|uhttps://publications.gc.ca/collections/Collection/M144-50-2004E.pdf |